000 00401nam a2200133Ia 4500
008 230511s1999 xx 000 0 und d
041 _aeng
082 _a346.052
100 _aDivekar G M
245 _aLaw of Hindu Co-oparcenary with commentary on the Hindu Succession Amending State Act
260 _aPune
_bHind Law House
_c1999
300 _a265
906 _aFamily Law - Succession - India
999 _c349811
_d349811